Applied thermodynamics for engineering technologists (Record no. 10734)

000 -LEADER
fixed length control field 00547nam a2200205u 4500
001 - CONTROL NUMBER
control field 10734
003 - CONTROL NUMBER IDENTIFIER
control field BD-DhUET
008 - FIXED-LENGTH DATA ELEMENTS--GENERAL INFORMATION
fixed length control field 810312q1963 enk 000 0 eng
040 ## - CATALOGING SOURCE
Original cataloging agency DLC
Transcribing agency DLC
Modifying agency BD-DhUET
082 ## - DEWEY DECIMAL CLASSIFICATION NUMBER
Classification number 621.01
Item number EAS/1963
100 ## - MAIN ENTRY--PERSONAL NAME
Personal name Eastop, T. D.
245 10 - TITLE STATEMENT
Title Applied thermodynamics for engineering technologists
250 ## - EDITION STATEMENT
Edition statement 1st ed.
260 ## - PUBLICATION, DISTRIBUTION, ETC. (IMPRINT)
Place of publication, distribution, etc. London
Name of publisher, distributor, etc. Longmans
Date of publication, distribution, etc. 1963
300 ## - PHYSICAL DESCRIPTION
Extent xi, 788p.
Other physical details ill.
504 ## - BIBLIOGRAPHY, ETC. NOTE
Bibliography, etc Includes bibliographies
650 #0 - SUBJECT ADDED ENTRY--TOPICAL TERM
Topical term or geographic name as entry element Thermodynamics, Engineering
700 ## - ADDED ENTRY--PERSONAL NAME
Personal name McConkey, A.
942 ## - ADDED ENTRY ELEMENTS (KOHA)
Koha item type General Book
Holdings
Koha item type Sublocation or collection (holding branch) Koha full call number Shelving location Piece designation (barcode) Location (home branch) Koha issues (times borrowed) Koha date last borrowed Date acquired Koha date last seen Price effective from Koha normalized classification for sorting Lost status Source of classification or shelving scheme Copy number Damaged status Withdrawn status Not for loan
General BookCentral Library, BUET621.01/EAS/1963Circulation section23814Central Library, BUET  2015-02-092015-02-092015-02-09621_010000000000000_EAS_1963  1   
General BookCentral Library, BUET621.01/EAS/1963Circulation section3742Central Library, BUET12024-09-172015-04-162024-10-192015-04-16621_010000000000000_EAS_1963  2   
General BookCentral Library, BUET621.01/EAS/1963Circulation section18258Central Library, BUET  2015-04-272015-04-272015-04-27621_010000000000000_EAS_1963  3   
Reading ItemCentral Library, BUET621.01/EAS/1963Reading section18256Central Library, BUET  2015-06-162015-06-162015-06-16621_010000000000000_EAS_1963  4